[Event "1st 4NCL Easter Congress"]
[Site "Stevenage"]
[Date "2019.04.20"]
[Round "2"]
[Board "4"]
[White "Harvey, Marcus R"]
[Black "Ratnesan, Ranesh"]
[Result "1-0"]
[WhiteElo "2402"]
[BlackElo "2116"]
[PlyCount "0"]
[EventDate "2019.04.19"]
[EventRounds "7"]
[EventCountry "ENG"]

1. Nf3 {[%clk 01:20:20]} {[%emt 00:10:38]} d5 {[%clk 01:30:44]} {[%emt
00:00:16]} 2. d4 {[%clk 01:20:16]} {[%emt 00:00:34]} Nf6 {[%clk 01:30:56]}
{[%emt 00:00:18]} 3. Bf4 {[%clk 01:20:23]} {[%emt 00:00:23]} Bf5 {[%clk
01:25:53]} {[%emt 00:05:34]} 4. e3 {[%clk 01:20:37]} {[%emt 00:00:17]} e6
{[%clk 01:25:56]} {[%emt 00:00:26]} 5. a3 {[%clk 01:17:22]} {[%emt 00:03:45]}
Bd6 {[%clk 01:19:09]} {[%emt 00:07:17]} 6. Be5 {[%clk 01:15:16]} {[%emt
00:02:36]} O-O {[%clk 01:15:39]} {[%emt 00:04:00]} 7. c4 {[%clk 01:15:42]}
{[%emt 00:00:03]} c5 {[%clk 01:13:27]} {[%emt 00:02:42]} 8. Bxf6 {[%clk
01:15:41]} {[%emt 00:00:31]} Qxf6 {[%clk 01:13:21]} {[%emt 00:00:36]} 9. cxd5
{[%clk 01:16:07]} {[%emt 00:00:04]} exd5 {[%clk 01:10:40]} {[%emt 00:03:11]} 10.
Nc3 {[%clk 01:16:33]} {[%emt 00:00:04]} Be4 {[%clk 01:05:15]} {[%emt 00:05:55]}
11. Nxe4 {[%clk 01:16:32]} {[%emt 00:00:31]} dxe4 {[%clk 01:05:27]} {[%emt
00:00:17]} 12. Nd2 {[%clk 01:16:59]} {[%emt 00:00:03]} Qf5 {[%clk 00:48:16]}
{[%emt 00:17:41]} 13. dxc5 {[%clk 01:16:36]} {[%emt 00:00:53]} Bxc5 {[%clk
00:47:43]} {[%emt 00:01:03]} 14. Qa4 {[%clk 01:15:59]} {[%emt 00:01:07]} Nc6
{[%clk 00:46:03]} {[%emt 00:02:10]} 15. Qxe4 {[%clk 01:14:34]} {[%emt
00:01:55]} Qxe4 {[%clk 00:39:27]} {[%emt 00:07:06]} 16. Nxe4 {[%clk 01:14:59]}
{[%emt 00:00:04]} Bb6 {[%clk 00:39:31]} {[%emt 00:00:26]} 17. O-O-O {[%clk
01:13:48]} {[%emt 00:01:41]} Ne5 {[%clk 00:36:04]} {[%emt 00:03:58]} 18. Be2
{[%clk 01:13:31]} {[%emt 00:00:47]} Rfd8 {[%clk 00:33:01]} {[%emt 00:03:33]} 19.
Rxd8+ {[%clk 01:13:35]} {[%emt 00:00:26]} Rxd8 {[%clk 00:33:20]} {[%emt
00:00:10]} 20. Kc2 {[%clk 01:12:26]} {[%emt 00:01:39]} f5 {[%clk 00:30:11]}
{[%emt 00:03:39]} 21. Nc3 {[%clk 01:11:57]} {[%emt 00:00:59]} Kf8 {[%clk
00:24:51]} {[%emt 00:05:50]} 22. h3 {[%clk 01:10:23]} {[%emt 00:02:04]} g6
{[%clk 00:22:21]} {[%emt 00:02:59]} 23. Na4 {[%clk 01:10:13]} {[%emt 00:00:40]}
Rc8+ {[%clk 00:20:32]} {[%emt 00:02:19]} 24. Kb3 {[%clk 01:10:36]} {[%emt
00:00:07]} Bd8 {[%clk 00:19:38]} {[%emt 00:01:24]} 25. Rd1 {[%clk 01:10:59]}
{[%emt 00:00:07]} Be7 {[%clk 00:17:38]} {[%emt 00:02:30]} 26. Rd5 {[%clk
01:10:57]} {[%emt 00:00:33]} Nc6 {[%clk 00:17:29]} {[%emt 00:00:38]} 27. Bf3
{[%clk 01:10:43]} {[%emt 00:00:44]} Ke8 {[%clk 00:16:27]} {[%emt 00:01:33]} 28.
Nc3 {[%clk 01:09:49]} {[%emt 00:01:24]} a6 {[%clk 00:14:01]} {[%emt 00:02:56]}
29. Rd1 {[%clk 01:08:54]} {[%emt 00:01:24]} Na5+ {[%clk 00:12:07]} {[%emt
00:02:24]} 30. Kc2 {[%clk 01:09:19]} {[%emt 00:00:05]} Bf6 {[%emt 00:02:31]} 31.
Bd5 {[%clk 01:09:22]} b5 {[%clk 00:09:16]} {[%emt 00:01:47]} 32. Rd3 {[%clk
01:08:23]} {[%emt 00:01:28]} Ke7 {[%clk 00:07:36]} {[%emt 00:02:09]} 33. Kd2
{[%clk 01:08:20]} {[%emt 00:00:34]} Be5 {[%clk 00:06:50]} {[%emt 00:01:16]} 34.
f4 {[%clk 01:08:17]} {[%emt 00:00:34]} Bg7 {[%clk 00:06:40]} {[%emt 00:00:39]}
35. Kc2 {[%clk 01:04:45]} {[%emt 00:04:02]} Nc4 {[%clk 00:04:50]} {[%emt
00:02:20]} 36. Bb7 {[%clk 01:04:51]} {[%emt 00:00:24]} Rb8 {[%clk 00:03:45]}
{[%emt 00:01:35]} 37. Bxa6 {[%clk 01:04:47]} {[%emt 00:00:34]} Bxc3 {[%clk
00:02:19]} {[%emt 00:01:56]} 38. Rxc3 {[%clk 01:02:20]} {[%emt 00:02:57]} Nd6
{[%clk 00:02:19]} {[%emt 00:00:30]} 39. a4 {[%clk 01:02:15]} {[%emt 00:00:35]}
bxa4 {[%clk 00:01:26]} {[%emt 00:01:23]} 40. Bd3 {[%clk 01:02:20]} {[%emt
00:00:25]} Ke6 {[%clk 00:01:24]} {[%emt 00:00:31]} 41. Kb1 {[%clk 01:02:00]}
{[%emt 00:00:50]} Rb4 {[%clk 00:00:43]} {[%emt 00:01:12]} 42. Ka2 {[%clk
01:02:18]} {[%emt 00:00:12]} Ne4 {[%clk 00:00:43]} {[%emt 00:00:29]} 43. Rc4
{[%clk 01:02:18]} {[%emt 00:00:30]}  1-0

[Event "1st 4NCL Easter Congress"]
[Site "Stevenage"]
[Date "2019.04.20"]
[Round "2"]
[Board "5"]
[White "Brett, Andrew R"]
[Black "Derakhshani, Borna"]
[Result "1-0"]
[WhiteElo "2114"]
[BlackElo "2316"]
[PlyCount "0"]
[EventDate "2019.04.19"]
[EventRounds "7"]
[EventCountry "ENG"]

1. c4 {[%clk 01:30:30]} {[%emt 00:36:40]} e5 {[%clk 01:28:28]} {[%emt
00:02:34]} 2. Nc3 {[%clk 01:30:50]} {[%emt 00:00:09]} Nf6 {[%clk 01:28:51]}
{[%emt 00:00:08]} 3. Nf3 {[%clk 01:30:57]} {[%emt 00:00:23]} Nc6 {[%clk
01:29:08]} {[%emt 00:00:13]} 4. e4 {[%clk 01:31:11]} {[%emt 00:00:16]} Bc5
{[%clk 01:27:04]} {[%emt 00:02:34]} 5. Nxe5 {[%clk 01:30:54]} {[%emt 00:00:47]}
Nxe5 {[%clk 01:26:19]} {[%emt 00:01:15]} 6. d4 {[%clk 01:31:20]} {[%emt
00:00:03]} Nxe4 {[%clk 01:20:48]} {[%emt 00:06:01]} 7. Nxe4 {[%clk 01:30:43]}
{[%emt 00:01:08]} Bb4+ {[%clk 01:21:12]} {[%emt 00:00:06]} 8. Bd2 {[%clk
01:25:40]} {[%emt 00:05:33]} Bxd2+ {[%clk 01:21:02]} {[%emt 00:00:40]} 9. Qxd2
{[%clk 01:25:58]} {[%emt 00:00:12]} Ng6 {[%clk 01:21:24]} {[%emt 00:00:08]} 10.
Ng3 {[%clk 01:22:51]} {[%emt 00:03:37]} O-O {[%clk 01:21:11]} {[%emt 00:00:43]}
11. f4 {[%clk 01:22:19]} {[%emt 00:01:01]} d5 {[%clk 01:20:52]} {[%emt
00:00:50]} 12. O-O-O {[%clk 01:20:23]} {[%emt 00:02:27]} Qf6 {[%clk 01:19:00]}
{[%emt 00:02:21]} 13. cxd5 {[%clk 01:02:38]} {[%emt 00:18:15]} Qxf4 {[%clk
01:19:06]} {[%emt 00:00:25]} 14. Bc4 {[%clk 01:02:37]} {[%emt 00:00:31]} Bg4
{[%clk 01:15:54]} {[%emt 00:03:42]} 15. Rhf1 {[%clk 00:57:48]} {[%emt
00:05:19]} Qd6 {[%clk 01:11:19]} {[%emt 00:05:05]} 16. Rde1 {[%clk 00:56:43]}
{[%emt 00:01:35]} Rae8 {[%clk 01:06:40]} {[%emt 00:05:10]} 17. Ne4 {[%clk
00:50:37]} {[%emt 00:06:35]} Qxh2 {[%clk 01:01:12]} {[%emt 00:05:57]} 18. Kb1
{[%clk 00:37:41]} {[%emt 00:13:26]} Bd7 {[%clk 00:53:54]} {[%emt 00:07:48]} 19.
Qf2 {[%clk 00:36:04]} {[%emt 00:02:07]} Qh4 {[%clk 00:46:54]} {[%emt 00:07:30]}
20. g3 {[%clk 00:18:52]} {[%emt 00:17:42]} Qg4 {[%clk 00:44:17]} {[%emt
00:03:07]} 21. Bd3 {[%clk 00:15:05]} {[%emt 00:04:17]} b6 {[%clk 00:39:21]}
{[%emt 00:05:27]} 22. Re3 {[%clk 00:12:45]} {[%emt 00:02:50]} f5 {[%clk
00:35:47]} {[%emt 00:04:04]} 23. Nc3 {[%clk 00:11:25]} {[%emt 00:01:50]} Qxd4
{[%clk 00:30:44]} {[%emt 00:05:33]} 24. Rfe1 {[%clk 00:09:47]} {[%emt
00:02:06]} f4 {[%clk 00:25:57]} {[%emt 00:05:18]} 25. gxf4 {[%clk 00:09:21]}
{[%emt 00:00:56]} Nxf4 {[%clk 00:24:01]} {[%emt 00:02:27]} 26. Qh4 {[%clk
00:05:20]} {[%emt 00:04:31]} Rxe3 {[%clk 00:24:10]} {[%emt 00:00:21]} 27. Bxh7+
{[%clk 00:05:44]} {[%emt 00:00:06]} Kf7 {[%clk 00:24:28]} {[%emt 00:00:12]} 28.
Rf1 {[%clk 00:06:00]} {[%emt 00:00:13]} Bg4 {[%clk 00:13:42]} {[%emt 00:11:16]}
29. Qxg4 {[%clk 00:04:13]} {[%emt 00:02:17]} Ke7 {[%clk 00:14:11]} {[%emt
00:00:01]} 30. Qh4+ {[%clk 00:01:41]} {[%emt 00:03:02]} Rf6 {[%clk 00:08:57]}
{[%emt 00:05:44]} 31. d6+ {[%clk 00:01:08]} {[%emt 00:01:03]} Kd7 {[%clk
00:05:56]} {[%emt 00:03:32]} 32. dxc7 {[%clk 00:01:11]} {[%emt 00:00:26]} Ne2
{[%clk 00:05:25]} {[%emt 00:01:01]} 33. Bf5+ {[%clk 00:00:56]} {[%emt
00:00:44]} Ree6 {[%clk 00:03:23]} {[%emt 00:02:33]} 34. Bxe6+ {[%clk 00:00:55]}
{[%emt 00:00:30]} Ke7 {[%clk 00:03:52]} 35. Qxd4 {[%clk 00:01:06]} {[%emt
00:00:20]} Rxf1+ {[%clk 00:04:21]} 36. Qd1 {[%clk 00:01:21]} {[%emt 00:00:15]}
Nxc3+ {[%clk 00:04:44]} {[%emt 00:00:07]} 37. bxc3 {[%clk 00:01:45]} {[%emt
00:00:06]} Rxd1+ {[%clk 00:05:09]} {[%emt 00:00:06]} 38. Kc2 {[%clk 00:02:14]}
Rd8 {[%clk 00:04:58]} {[%emt 00:00:40]} 39. cxd8=Q+ Kxd8 {[%clk 00:05:25]} 40.
Kd3 {[%clk 00:02:56]} {[%emt 00:00:09]} Ke7 {[%clk 00:05:48]} {[%emt 00:00:08]}
41. Bh3 {[%clk 00:03:20]} {[%emt 00:00:06]} Kd6 {[%clk 00:06:13]} {[%emt
00:00:05]} 42. Kd4 {[%clk 00:03:43]} {[%emt 00:00:06]} Kc6 {[%clk 00:06:31]}
{[%emt 00:00:12]} 43. c4 {[%clk 00:04:05]} {[%emt 00:00:08]} Kd6 {[%clk
00:06:57]} {[%emt 00:00:04]} 44. a4 {[%clk 00:03:54]} {[%emt 00:00:41]} g5
{[%clk 00:07:11]} {[%emt 00:00:16]} 45. Bg4 {[%clk 00:04:17]} {[%emt 00:00:07]}
a6 {[%clk 00:07:36]} {[%emt 00:00:06]} 46. Bc8 {[%clk 00:04:34]} {[%emt
00:00:12]} a5 {[%clk 00:07:46]} {[%emt 00:00:20]} 47. Bh3 {[%clk 00:04:15]}
{[%emt 00:00:49]} Kc6 {[%clk 00:08:11]} {[%emt 00:00:06]} 48. Bg2+ {[%clk
00:04:35]} {[%emt 00:00:09]} Kd6 {[%clk 00:08:35]} {[%emt 00:00:07]} 49. Bf3
{[%clk 00:05:01]} {[%emt 00:00:03]}  1-0

[Event "1st 4NCL Easter Congress"]
[Site "Stevenage"]
[Date "2019.04.20"]
[Round "2"]
[Board "6"]
[White "Willow, Jonah B"]
[Black "Mccullough, Simon L"]
[Result "1-0"]
[WhiteElo "2302"]
[BlackElo "2083"]
[PlyCount "0"]
[EventDate "2019.04.19"]
[EventRounds "7"]
[EventCountry "ENG"]

1. e4 {[%clk 01:30:58]} c5 {[%clk 01:30:52]} 2. Nf3 {[%clk 01:31:24]} {[%emt
00:00:13]} g6 {[%clk 01:31:15]} 3. d4 {[%clk 01:31:44]} {[%emt 00:00:17]} cxd4
{[%clk 01:31:40]} {[%emt 00:00:05]} 4. Nxd4 {[%clk 01:32:08]} {[%emt 00:00:06]}
Bg7 {[%clk 01:32:05]} {[%emt 00:00:05]} 5. c4 {[%clk 01:32:32]} {[%emt
00:00:07]} Nc6 {[%clk 01:32:12]} {[%emt 00:00:23]} 6. Be3 {[%clk 01:32:56]}
{[%emt 00:00:06]} Nf6 {[%clk 01:32:37]} {[%emt 00:00:05]} 7. Nc3 {[%clk
01:33:14]} {[%emt 00:00:12]} O-O {[%clk 01:31:59]} {[%emt 00:01:06]} 8. Be2
{[%clk 01:32:45]} {[%emt 00:01:00]} d6 {[%clk 01:32:21]} {[%emt 00:00:08]} 9.
O-O {[%clk 01:32:50]} {[%emt 00:00:25]} Bd7 {[%clk 01:32:31]} {[%emt 00:00:20]}
10. Nc2 {[%clk 01:32:09]} {[%emt 00:01:11]} Rc8 {[%clk 01:26:59]} {[%emt
00:06:01]} 11. Rc1 {[%clk 01:30:30]} {[%emt 00:02:09]} Ne5 {[%clk 01:19:45]} 12.
Na3 {[%clk 01:27:45]} {[%emt 00:10:59]} Bc6 {[%clk 00:58:45]} 13. f4 {[%clk
01:14:49]} {[%emt 00:34:56]} Ned7 {[%clk 00:20:20]} {[%emt 00:00:34]} 14. Bf3
{[%clk 01:09:46]} Qa5 {[%clk 00:20:20]} 15. Nc2 {[%clk 01:09:46]} {[%emt
00:44:54]} b5 {[%clk 00:18:35]} 16. b4 {[%clk 01:08:37]} {[%emt 00:03:53]} Qa6
{[%clk 00:18:37]} 17. Nd4 {[%clk 01:06:09]} {[%emt 00:03:27]}  1-0

[Event "1st 4NCL Easter Congress"]
[Site "Stevenage"]
[Date "2019.04.20"]
[Round "2"]
[Board "7"]
[White "Okhai, Shabir"]
[Black "Richardson, John R"]
[Result "0-1"]
[WhiteElo "2073"]
[BlackElo "2243"]
[PlyCount "0"]
[EventDate "2019.04.19"]
[EventRounds "7"]
[EventCountry "ENG"]

1. e4 {[%clk 01:30:58]} {[%emt 00:00:01]} c6 {[%clk 01:29:06]} {[%emt
00:01:55]} 2. d4 {[%clk 01:31:16]} {[%emt 00:00:11]} d5 {[%clk 01:29:29]}
{[%emt 00:00:08]} 3. Nd2 {[%clk 01:31:41]} {[%emt 00:00:04]} dxe4 {[%clk
01:29:43]} {[%emt 00:00:17]} 4. Nxe4 {[%clk 01:32:04]} {[%emt 00:00:06]} Bf5
{[%clk 01:30:11]} {[%emt 00:00:02]} 5. Ng3 {[%clk 01:32:26]} {[%emt 00:00:08]}
Bg6 {[%clk 01:30:40]} {[%emt 00:00:02]} 6. h4 {[%clk 01:32:46]} {[%emt
00:00:09]} h6 {[%clk 01:30:53]} {[%emt 00:00:17]} 7. Nf3 {[%clk 01:33:11]}
{[%emt 00:00:06]} Nd7 {[%clk 01:31:20]} {[%emt 00:00:03]} 8. h5 {[%clk
01:33:34]} {[%emt 00:00:06]} Bh7 {[%clk 01:31:44]} {[%emt 00:00:07]} 9. Bd3
{[%clk 01:33:59]} {[%emt 00:00:04]} Bxd3 {[%clk 01:32:11]} {[%emt 00:00:04]} 10.
Qxd3 {[%clk 01:34:25]} {[%emt 00:00:03]} e6 {[%clk 01:32:38]} {[%emt 00:00:04]}
11. Bd2 {[%clk 01:34:47]} {[%emt 00:00:07]} Ngf6 {[%clk 01:33:00]} {[%emt
00:00:08]} 12. O-O-O {[%clk 01:35:09]} {[%emt 00:00:08]} Be7 {[%clk 01:33:26]}
{[%emt 00:00:04]} 13. Kb1 {[%clk 01:35:34]} {[%emt 00:00:05]} Qb6 {[%clk
01:33:52]} {[%emt 00:00:04]} 14. c4 {[%clk 01:35:35]} {[%emt 00:00:29]} Rd8
{[%clk 01:32:35]} {[%emt 00:01:48]} 15. Bf4 {[%clk 01:27:13]} {[%emt 00:08:51]}
O-O {[%clk 01:31:07]} {[%emt 00:01:59]} 16. Ne4 {[%clk 01:19:30]} {[%emt
00:08:13]} c5 {[%clk 00:49:56]} {[%emt 00:41:41]} 17. g4 {[%clk 01:13:18]}
{[%emt 00:06:40]} Nxg4 {[%clk 00:45:43]} {[%emt 00:04:43]} 18. Qe2 {[%clk
01:12:44]} {[%emt 00:01:05]} f5 {[%clk 00:44:10]} {[%emt 00:02:04]} 19. Nc3
{[%clk 00:59:21]} {[%emt 00:13:53]} Bf6 {[%clk 00:39:52]} {[%emt 00:04:47]} 20.
Nb5 {[%clk 00:54:44]} {[%emt 00:05:08]} Qc6 {[%clk 00:36:27]} {[%emt 00:03:54]}
21. Bd6 {[%clk 00:48:26]} {[%emt 00:06:48]} Qe4+ {[%clk 00:33:25]} {[%emt
00:03:33]} 22. Qxe4 {[%clk 00:46:35]} {[%emt 00:02:20]} fxe4 {[%clk 00:33:54]}
{[%emt 00:00:01]} 23. Rhg1 {[%clk 00:34:03]} {[%emt 00:13:03]} Nxf2 {[%clk
00:29:19]} {[%emt 00:05:04]} 24. Rdf1 {[%clk 00:30:50]} {[%emt 00:03:43]} exf3
{[%clk 00:27:48]} {[%emt 00:02:02]} 25. Bxf8 {[%clk 00:19:34]} {[%emt
00:11:45]} Ne4 {[%clk 00:28:04]} {[%emt 00:00:14]} 26. Bxc5 {[%clk 00:15:46]}
{[%emt 00:04:18]} Ndxc5 {[%clk 00:25:31]} {[%emt 00:03:04]} 27. dxc5 {[%clk
00:15:45]} {[%emt 00:00:30]} f2 {[%clk 00:25:48]} {[%emt 00:00:12]} 28. Rh1
{[%clk 00:15:13]} {[%emt 00:01:03]} Rd2 {[%clk 00:24:17]} {[%emt 00:02:01]} 29.
Nd6 {[%clk 00:13:10]} {[%emt 00:02:33]} Ng3 {[%clk 00:23:13]} {[%emt 00:01:33]}
30. Kc1 {[%clk 00:12:33]} {[%emt 00:01:07]} Bg5 {[%clk 00:21:36]} {[%emt
00:02:08]} 31. Nb5 {[%clk 00:10:40]} {[%emt 00:02:23]} Nxh1 {[%clk 00:21:11]}
{[%emt 00:00:55]}  0-1

[Event "1st 4NCL Easter Congress"]
[Site "Stevenage"]
[Date "2019.04.20"]
[Round "2"]
[Board "8"]
[White "Merriman, John"]
[Black "Verma, Aditya"]
[Result "0-1"]
[WhiteElo "2238"]
[BlackElo "2071"]
[PlyCount "0"]
[EventDate "2019.04.19"]
[EventRounds "7"]
[EventCountry "ENG"]

1. d4 {[%clk 01:30:57]} {[%emt 00:00:02]} d5 {[%clk 01:30:54]} {[%emt
00:00:06]} 2. c4 {[%clk 01:31:24]} {[%emt 00:00:04]} c6 {[%clk 01:31:20]}
{[%emt 00:00:04]} 3. Nc3 {[%clk 01:31:49]} {[%emt 00:00:05]} Nf6 {[%clk
01:31:45]} {[%emt 00:00:04]} 4. e3 {[%clk 01:32:14]} {[%emt 00:00:05]} e6
{[%clk 01:31:28]} {[%emt 00:00:48]} 5. Nf3 {[%clk 01:32:31]} {[%emt 00:00:13]}
Nbd7 {[%clk 01:31:48]} {[%emt 00:00:09]} 6. Qc2 {[%clk 01:32:46]} {[%emt
00:00:15]} a6 {[%clk 01:32:05]} {[%emt 00:00:14]} 7. b3 {[%clk 01:30:16]}
{[%emt 00:02:59]} Be7 {[%clk 01:29:36]} {[%emt 00:02:59]} 8. Be2 {[%clk
01:27:46]} {[%emt 00:03:00]} O-O {[%clk 01:29:35]} {[%emt 00:00:31]} 9. O-O
{[%clk 01:27:36]} {[%emt 00:00:41]} b5 {[%clk 01:22:05]} {[%emt 00:08:00]} 10.
Rd1 {[%clk 01:20:08]} {[%emt 00:07:57]} Qc7 {[%clk 01:16:23]} {[%emt 00:06:12]}
11. Bb2 {[%clk 01:16:48]} {[%emt 00:03:51]} Bb7 {[%clk 01:10:41]} {[%emt
00:06:11]} 12. Rac1 {[%clk 01:10:49]} {[%emt 00:06:30]} Rfc8 {[%clk 00:56:32]}
{[%emt 00:14:38]} 13. c5 {[%clk 00:59:14]} {[%emt 00:12:05]} b4 {[%clk
00:55:59]} {[%emt 00:01:03]} 14. Na4 {[%clk 00:51:53]} {[%emt 00:07:52]} a5
{[%clk 00:56:00]} {[%emt 00:00:28]} 15. Ra1 {[%clk 00:45:58]} {[%emt 00:06:26]}
Ba6 {[%clk 00:56:06]} {[%emt 00:00:25]} 16. Re1 {[%clk 00:44:35]} {[%emt
00:01:51]} Bxe2 {[%clk 00:54:20]} {[%emt 00:02:17]} 17. Rxe2 {[%clk 00:44:46]}
{[%emt 00:00:18]} h6 {[%clk 00:49:19]} {[%emt 00:05:31]} 18. Ne1 {[%clk
00:44:01]} {[%emt 00:01:16]} Re8 {[%clk 00:40:55]} {[%emt 00:08:51]} 19. Nd3
{[%clk 00:43:47]} {[%emt 00:00:46]} Ng4 {[%clk 00:37:28]} {[%emt 00:03:55]} 20.
g3 {[%clk 00:41:54]} {[%emt 00:02:25]} f5 {[%clk 00:37:06]} {[%emt 00:00:53]}
21. f3 {[%clk 00:35:07]} {[%emt 00:07:17]} Ngf6 {[%clk 00:35:37]} {[%emt
00:01:59]} 22. Nf2 {[%clk 00:35:24]} {[%emt 00:00:12]} Bf8 {[%clk 00:30:44]}
{[%emt 00:05:23]} 23. Rae1 {[%clk 00:34:53]} {[%emt 00:01:01]} g6 {[%clk
00:24:35]} {[%emt 00:06:39]} 24. e4 {[%clk 00:33:58]} {[%emt 00:01:25]} Kf7
{[%clk 00:24:20]} {[%emt 00:00:44]} 25. e5 {[%clk 00:27:43]} {[%emt 00:06:53]}
Nh7 {[%clk 00:23:57]} {[%emt 00:00:45]} 26. a3 {[%clk 00:28:01]} {[%emt
00:00:13]} bxa3 {[%clk 00:23:30]} {[%emt 00:00:57]} 27. Bxa3 {[%clk 00:28:25]}
{[%emt 00:00:06]} Reb8 {[%clk 00:23:35]} {[%emt 00:00:23]} 28. Rb1 {[%clk
00:27:12]} {[%emt 00:01:44]} Rb7 {[%clk 00:23:05]} {[%emt 00:00:59]} 29. Bc1
{[%clk 00:25:29]} {[%emt 00:02:15]} Kg7 {[%clk 00:21:21]} {[%emt 00:02:14]} 30.
Bd2 {[%clk 00:25:35]} {[%emt 00:00:24]} Ng5 {[%clk 00:20:47]} {[%emt 00:01:02]}
31. Kg2 {[%clk 00:25:20]} {[%emt 00:00:47]} Nf7 {[%clk 00:20:11]} {[%emt
00:01:04]} 32. Nd3 {[%clk 00:25:28]} {[%emt 00:00:24]} g5 {[%clk 00:18:50]}
{[%emt 00:01:51]} 33. g4 {[%clk 00:20:08]} {[%emt 00:05:50]} f4 {[%clk
00:18:39]} {[%emt 00:00:40]} 34. Bxf4 {[%clk 00:18:28]} {[%emt 00:02:11]} gxf4
{[%clk 00:18:12]} {[%emt 00:00:58]} 35. Nxf4 {[%clk 00:18:52]} {[%emt
00:00:05]} Nd8 {[%clk 00:18:31]} {[%emt 00:00:11]} 36. Qg6+ {[%clk 00:18:16]}
{[%emt 00:01:06]} Kh8 {[%clk 00:18:58]} {[%emt 00:00:04]} 37. Nxe6 {[%clk
00:09:57]} {[%emt 00:08:48]} Nxe6 {[%clk 00:19:21]} {[%emt 00:00:07]} 38. Qxe6
{[%clk 00:10:26]} {[%emt 00:00:02]} Rab8 {[%clk 00:17:49]} {[%emt 00:02:02]} 39.
Re3 {[%clk 00:10:17]} {[%emt 00:00:38]} Rb4 {[%clk 00:17:19]} {[%emt 00:01:00]}
40. Rd3 {[%clk 00:09:45]} {[%emt 00:01:02]} Rxa4 {[%clk 00:17:12]} {[%emt
00:00:37]} 41. bxa4 {[%clk 00:07:52]} {[%emt 00:02:24]} Rxb1 {[%clk 00:17:37]}
{[%emt 00:00:05]} 42. Qf5 {[%clk 00:08:11]} {[%emt 00:00:11]} Rb2+ {[%clk
00:17:47]} {[%emt 00:00:18]} 43. Kh3 {[%clk 00:08:11]} {[%emt 00:00:30]} Bg7
{[%clk 00:17:34]} {[%emt 00:00:43]} 44. f4 {[%clk 00:08:08]} {[%emt 00:00:33]}
Nf8 {[%clk 00:14:39]} {[%emt 00:03:25]} 45. Re3 {[%clk 00:07:17]} {[%emt
00:01:22]} Qe7 {[%clk 00:12:18]} {[%emt 00:02:50]} 46. Qc8 {[%clk 00:05:55]}
{[%emt 00:01:53]} Qb7 {[%clk 00:10:18]} {[%emt 00:02:31]} 47. Qe8 {[%clk
00:05:30]} {[%emt 00:00:53]} Rb3 {[%clk 00:10:15]} {[%emt 00:00:34]} 48. Rxb3
{[%clk 00:05:56]} {[%emt 00:00:05]} Qxb3+ {[%clk 00:10:39]} {[%emt 00:00:05]}
49. Kg2 {[%clk 00:06:07]} {[%emt 00:00:19]} Qb2+ {[%clk 00:10:25]} {[%emt
00:00:44]} 50. Kg3 {[%clk 00:06:31]} {[%emt 00:00:06]} Qxd4 {[%clk 00:10:36]}
{[%emt 00:00:19]} 51. Qf7 {[%clk 00:05:43]} {[%emt 00:01:18]} Qxc5 {[%clk
00:10:20]} {[%emt 00:00:47]}  0-1